| 000 | 01020cam a22002892 4500 | ||
|---|---|---|---|
| 001 | 0000002336 | ||
| 005 | 20151217151850.0 | ||
| 008 | 070410s xx 000 0 eng d | ||
| 020 |
_a0072337397 : _cKES 530 |
||
| 040 |
_aKABU _cKABU |
||
| 050 | 0 |
_aHF5548.4 _b.M523O296 2001 |
|
| 100 | 1 |
_aO'Leary, Timothy J., _d1947-. _@0000151668 |
|
| 245 | 1 | 0 |
_aMicrosoft Excel 2000 / _cTimothy J. O'Leary, Linda I O'Leary. |
| 250 | _aIntroductory ed. | ||
| 260 |
_aBoston : _bIrwin/Mcraw-Hill, _cc2000. |
||
| 300 |
_a1 v. (vrious pagings) : _bcol. ill. ; _c28 cm. |
||
| 440 | 4 |
_aThe O'Leary series _@0000151669 |
|
| 500 | _aIncludes index. | ||
| 650 | 0 |
_aMicrosoft Excel (Computer file) _@0000148315 |
|
| 650 | 0 |
_aBusiness _xComputer programs. _@0000151665 |
|
| 650 | 0 |
_aElectronic spreadsheets. _@0000147953 |
|
| 700 | 1 |
_aO'Leary, Linda I. _@0000151670 |
|
| 908 | _a070410 | ||
| 950 | _@1 | ||
| 999 |
_c5799 _d5799 |
||